Catálogo
 En Linea

Preso por Nicaragua. / (Registro nro. 41719)

Detalles MARC
000 -CABECERA
campo de control de longitud fija 00373nam a2200133 a 4500
001 - NÚMERO DE CONTROL
campo de control 000042230
005 - FECHA Y HORA DE LA ÚLTIMA TRANSACCIÓN
campo de control 20201002040022.0
008 - DATOS DE LONGITUD FIJA--INFORMACIÓN GENERAL
campo de control de longitud fija 131120s19uu nq 000 0 spa d
040 ## - FUENTE DE LA CATALOGACIÓN
Centro catalogador/agencia de origen DO-SdBNP
Lengua de catalogación spa
Centro/agencia transcriptor BNPHU
100 1# - ENTRADA PRINCIPAL--NOMBRE DE PERSONA
Nombre de persona Grullon, Sandino
9 (RLIN) 2870
245 10 - MENCIÓN DE TÍTULO
Título Preso por Nicaragua. /
Mención de responsabilidad, etc. Sandino Grullon.
260 ## - PUBLICACIÓN, DISTRIBUCIÓN, ETC.
Lugar de publicación, distribución, etc. [Nicaragua], :
Nombre del editor, distribuidor, etc. [s.d.],
Fecha de publicación, distribución, etc. [19uu].
300 ## - DESCRIPCIÓN FÍSICA
Extensión 85 p. ;
Dimensiones 21 cm.
Existencias
Estado de retiro Estado de pérdida Restricciones de uso No para préstamo Código de colección Localización permanente Ubicación/localización actual Ubicación en estantería Fecha de adquisición Número de inventario Total de préstamos Signatura topográfica completa Código de barras Fecha visto por última vez Precio válido a partir de Tipo de ítem Koha
      Excluido de préstamo Monografías: Libros y Folletos Patrimonio Dominicano Patrimonio Dominicano En catalogación 20.11.2013 LF1   42230-10 25.06.2020 25.06.2020 No se presta

Con tecnología Koha